| 000 | 00560nam a22001817a 4500 | ||
|---|---|---|---|
| 005 | 20231116123334.0 | ||
| 008 | 231116b |||||||| |||| 00| 0 eng d | ||
| 020 | _a9780702179464 | ||
| 041 | _aEnglish | ||
| 082 | _a343.9 HAR | ||
| 100 |
_aHare, J _lEnglish |
||
| 245 |
_aShipping Law and Admiralty Jurisdiction in South Africa / _cJ Hare |
||
| 250 | _aSecond Edition | ||
| 260 |
_aCape Town : _bJuta and Company Ltd, _c2009 |
||
| 300 |
_blxxxi, 1024 pages ; _c26 cm. |
||
| 650 |
_aLegal practice _bLaw |
||
| 942 |
_cBK _6ALISON_BN_VRIES |
||
| 999 |
_c730 _d730 |
||